00602 2200193 4500001002100000005001700021008004100038020002200079035002400101082001100125090001600136245007300152260002700225300003200252500005000284504003000334650002200364990002200386YOGYA-0712000000019920120722203536.0 ind  a978-979-29-2050-5 0010-071200000000199 a004.67 a004.67bSer aSSERI Belajar kilat computer Networking / editor Paulus Yesaya Jati. aYogyakartabAndic2012 aVII, 146 hlm.bilusc23 cm. aDiterbitkan atas kerjasama Andi dengan Elcom. abibliografi: hlm. 145-146 aJaringan Komputer aCB-D.11. 2012-354